Tous les joueurs du PSG depuis 2011-2012 - Statistiques

Statistiques générales
  • Ce quiz a été pris 85 fois
  • Le résultat moyen est 83 sur 207
Statistiques - réponses
Date Poste Nationalité Nom % Correct
2013-2016 Entraîneur Français Laurent Blanc
100%
2023- Entraîneur Espagnol Luis Enrique
96%
2018-2020 Entraîneur Allemand Thomas Tuchel
96%
2011-2013 Entraîneur Italien Carlo Ancelotti
93%
2022-2023 Entraîneur Français Christophe Galtier
93%
2021-2022 Entraîneur Argentin Mauricio Pochettino
93%
2016-2018 Entraîneur Espagnol Unai Emery
90%
2021- Gardien de but Italien Gianluigi Donnarumma
88%
2015-2019 Gardien de but Allemand Kevin Trapp
88%
2011-2017 Gardien de but Italien Salvatore Sirigu
88%
2022- Milieu de terrain Français Warren Zaïre-Emery
88%
2009-2022 Gardien de but Français Alphonse Areola
87%
2019-2024 Gardien de but Costaricien Keylor Navas
87%
2021- Défenseur Marocain Achraf Hakimi
79%
2012-2023 Milieu de terrain Italien Marco Verratti
79%
2013- Défenseur Brésilien Marquinhos
79%
2023- Gardien de but Espagnol Arnau Tenas
78%
2013-2020 Attaquant Uruguayen Edinson Cavani
78%
2014- Défenseur Français Presnel Kimpembe
78%
2023-2024 Milieu de terrain Français Ethan Mbappé
76%
2017-2024 Attaquant Français Kylian Mbappé
76%
2017-2023 Attaquant Brésilien Neymar Jr
76%
2012-2020 Défenseur Brésilien Thiago Silva
76%
2012-2016 Attaquant Suédois Zlatan Ibrahimovic
76%
2023- Attaquant Portugais Gonçalo Ramos
75%
2022- Milieu de terrain Portugais Vitinha
75%
2009-2011 Entraîneur Français Antoine Kombouaré
73%
2018-2019
Gardien de but Italien Gianluigi Buffon
73%
2024- Gardien de but Russe Matvey Safonov
73%
2021-2023 Défenseur Espagnol Sergio Ramos
73%
2012-2018 Milieu de terrain Italien Thiago Motta
72%
2015-2022 Ailier Argentin Angel Di Maria
70%
2022- Milieu de terrain Espagnol Fabian Ruiz
70%
2024- Milieu de terrain Portugais Joao Neves
70%
2021-2023 Attaquant Argentin Lionel Messi
70%
2017-2023 Milieu de terrain / Ailier Allemand Julian Draxler
69%
2018-2021 Milieu de terrain Marocain Kays Ruiz-Atil
69%
2011-2017 Milieu de terrain Français Blaise Matuidi
67%
2011-2018 Milieu de terrain Argentin Javier Pastore
67%
2023- Milieu de terrain / Ailier Sud-Coréen Lee Kang-In
67%
2023- Défenseur Français Lucas Hernandez
67%
2021- Défenseur Portugais Nuno Mendes
67%
2023- Ailier Français Ousmane Dembélé
67%
2024- Milieu de terrain / Ailier Français Désiré Doué
66%
2012-2016 Ailier Argentin Ezequiel Lavezzi
66%
2023- Défenseur Slovaque Milan Skriniar
66%
2024- Défenseur Équatorien Willian Pacho
66%
2023- Ailier Français Bradley Barcola
64%
2012-2018 Ailier Brésilien Lucas Moura
64%
2014-2016 Défenseur Brésilien David Luiz
63%
2019-2022 Milieu de terrain Sénégalais Idrissa Gana Gueye
63%
2019-2022 Gardien de but Polonais Marcin Bulka
63%
2012-2017 Défenseur Brésilien Maxwell
63%
2025- *Ailier Géorgien Khvicha Kvaratskhelia
61%
2019-2023 Milieu de terrain Argentin Leandro Paredes
61%
2019-2023 Attaquant Argentin Mauro Icardi
61%
2019-2024 Gardien de but Espagnol Sergio Rico
61%
2016-2020 Défenseur Belge Thomas Meunier
61%
2012-2019 Milieu de terrain Français Adrien Rabiot
60%
2013 Milieu de terrain Anglais David Beckham
60%
2023- Attaquant Français Randal Kolo Muani
60%
2014-2017 Défenseur Ivoirien Serge Aurier
60%
2024- Défenseur Brésilien Lucas Beraldo
58%
2024- Milieu de terrain Français Senny Mayulu
58%
2020-2024 Gardien de but Français Alexandre Letellier
57%
2009-2014 Défenseur Français Christophe Jallet
57%
2020-2024 Défenseur / Milieu de terrain Portugais Danilo Pereira
57%
2012-2016 Défenseur Néerlandais Grégory van der Wiel
57%
2023-2024 Milieu de terrain Uruguayen Manuel Ugarte
57%
2020-2021 Attaquant Italien Moise Kean
57%
2019-2023 Milieu de terrain Espagnol Ander Herrera
55%
2022- Milieu de terrain Espagnol Carlos Soler
55%
2018- Défenseur Espagnol Juan Bernat
55%
2013-2015 *Gardien de but Français Mike Maignan
55%
2018-2022 Défenseur Allemand Thilo Kehrer
55%
2012-2014 Défenseur Brésilien Alex
54%
2018-2020 Attaquant Camerounais Eric Maxim Choupo-Moting
54%
2011-2016 Gardien de but Français Nicolas Douchez
54%
2021-2023 Milieu de terrain Néerlandais Georginio Wijnaldum
52%
2023- Ailier Espagnol Marco Asensio
52%
2019-2022 Milieu de terrain / Attaquant Néerlandais Xavi Simons
52%
2020-2021 Défenseur Italien Alessandro Florenzi
51%
2017-2019 Défenseur Brésilien Dani Alves
49%
2007-2013 Défenseur Français Mamadou Sakho
49%
2019-2021 Défenseur Néerlandais Mitchel Bakker
49%
2008-2013 Attaquant Français Guillaume Hoarau
48%
2015-2024 Défenseur Français Layvin Kurzawa
48%
2017-2024 Défenseur Français Colin Dagba
46%
2019-2023 Ailier Esapgnol Pablo Sarabia
46%
2017-2019 Attaquant Américain Timothy Weah
46%
2014-2015 Milieu de terrain Français Yohan Cabaye
46%
2019-2023 Défenseur Sénégalais Abdou Diallo
45%
2016-2019 Milieu de terrain Polonais Grzegorz Krychowiak
45%
2010-2013 Attaquant Brésilien Nenê
45%
2017-2019 Ailier Français Moussa Diaby
43%
2023- Défenseur Français Yoram Zague
43%
2015-2019 Milieu de terrain / Attaquant Français Christopher Nkunku
42%
2006-2015 Milieu de terrain Français Clément Chantôme
42%
2016-2019 Milieu de terrain Argentin Giovani Lo Celso
42%
2022-2024 Attaquant Français Hugo Ekitike
42%
2015-2016 Milieu de terrain Français Benjamin Stambouli
40%
2017-2018 Ailier Portugais Gonçalo Guedes
40%
2016-2018 Milieu de terrain Français Hatem Ben Arfa
40%
2011-2014 Attaquant Français Jérémy Ménez
40%
2013-2014 Ailier Français Kingsley Coman
40%
2022- Milieu de terrain Portugais Renato Sanches
40%
2020-2022 Milieu de terrain Brésilien Rafinha
39%
2007-2015 Défenseur Français Zoumana Camara
39%
2013-2016 Défenseur Français Lucas Digne
37%
2009-2012 Attaquant Turc Mevlut Erding
37%
2023- Milieu de terrain Italien Cher Ndour
36%
2024- *Milieu de terrain Brésilien Gabriel Moscardo
36%
2004-2013 Défenseur Français Sylvain Armand
36%
2017-2018 Défenseur Espagnol Yuri Berchiche
36%
2025- *Attaquant Français Ibrahim Mbaye
34%
2011-2018 Attaquant Français Jean-Christophe Bahebeck
34%
2019-2020 Défenseur / Milieu de terrain Français Tanguy Nianzou Kouassi
34%
2011-2013 Attaquant Français Kevin Gameiro
33%
2018-2019 Milieu de terrain Français Lassana Diarra
33%
2011-2013 Défenseur Uruguay Diego Lugano
31%
2020-2023 Milieu de terrain Français Édouard Michut
31%
2021-2023 Défenseur Français El Chadaille Bitshiabu
31%
2010-2013 Défenseur Ivoirien Siaka Tiéné
31%
2015-2017 Attaquant Français Jean-Kévin Augustin
30%
2016-2020 Ailier Espanol Jesé Rodriguez
30%
2010-2013 Défenseur / Milieu de terrain Français Mathieu Bodmer
30%
2022- Défenseur Français Nordi Mukiele
30%
2018-2023 Défenseur Français Timothée Pembélé
30%
2021-2024 Ailier Espagnol Ismaël Gharbi
28%
2011-2013 Milieu de terrain Malien Mohamed Sissoko
28%
2022- Attaquant Marocain Ilyes Housni
27%
2007-2012 Défenseur Brésilien Marcos Ceara
27%
2011-2012 Défenseur Serbe Milan Bisevac
27%
2010-2013 Défenseur Français Loïck Landre
25%
2013-2017 Ailier Français Hervin Ongenda
24%
2019-2020 Milieu de terrain Algérien Adil Aouchiche
22%
2013-2015 *Gardien de but Sénégalais Mory Diaw
22%
2025- *Défenseur Marocain Naoufel El Hannach
22%
2012-2013 Gardien de but Français Ronan Le Crom
22%
2017-2019 Défenseur Français Stanley Nsoki
22%
2022-2023 *Défenseur Marocain Younes El Hannach
22%
2019-2022 Attaquant Français Arnaud Kalimuendo
21%
2007-2012 Attaquant Français Peguy Luyindula
21%
2016-2019 *Gardien de but Français Rémy Descamps
19%
2025- Défenseur / Milieu de terrain Français Axel Tape
18%
2021- *Gardien de but Français Lucas Lavallée
18%
2023- *Milieu de terrain Français Ayman Kari
16%
2018-2022 *Gardien de but Haïtien Garissonne Innocent
16%
2012-2014 Défenseur Malien Kalifa Traoré
16%
2018-2019 Attaquant Turc Metehan Guclu
16%
2022-2024 *Ailier Gabonais Noha Lemina
16%
2018-2023 Milieu de terrain Français Eric-Junior Dina-Ebimbe
15%
2008-2014 Attaquant Haïtien Jean-Eudes Maurice
15%
2022- Gardien de but Portugais Louis Mouquet
15%
2018-2019 Milieu de terrain Français Yacine Adli
15%
2016-2019 Milieu de terrain Français Antoine Bernède
13%
2018-2019 Défenseur Français Arthur Zagré
13%
2020-2022 *Gardien de but Italien Denis Franchi
13%
2016-2018 Ailier Français Jonathan Ikoné
13%
2018-2020 Défenseur Français Loïc Mbe Soh
13%
2018-2019 *Gardien de but Français Sébastien Cibois
13%
2015-2019 Défenseur Français Alec Georgen
10%
2014-2019 Défenseur Français Kévin Rimane
10%
2021-2023 *Gardien de but Malgache Mathyas Randriamamy
10%
2016-2018 *Attaquant Français Odsonne Édouard
10%
2013-2014 Défenseur Guinéen Antoine Conté
9%
2020-2022 Milieu de terrain Français Bandiougou Fadiga
9%
2011-2013 Milieu de terrain / Ailier Congolais (RDC) Neeskens Kebano
9%
2018-2019 *Attaquant Moldave Virgiliu Postolachi
9%
2013-2017 *Défenseur Sénégalais Youssouf Sabaly
9%
2015-2017 *Milieu de terrain Brésilien Gustavo Hebling
7%
2020-2023 Attaquant Français Kenny Nagera
7%
2015-2018 Milieu de terrain Français Lorenzo Callegari
7%
2018-2019 *Milieu de terrain Français Azzeddine Toufiqui
6%
2020-2023 Ailier Français Djeidi Gassama
6%
2022-2023 *Défenseur Français Hugo Lamy
6%
2011-2014 *Attaquant Malien Kalifa Coulibaly
6%
2020-2022 Défenseur Français Nathan Bitumazala
6%
2021-2022 Attaquant Français Sekou Yansané
6%
2023-2024 *Défenseur Bissau-guinéen Serif Nhaga
6%
2020-2022 *Défenseur Français Teddy Alloh
6%
2020-2022 *Défenseur Français Thierno Baldé
6%
2022- *Défenseur Français Vimoj Muntu Wa Mungu
6%
2014-2015 Milieu de terrain Ivoirien Yakou Méïté
6%
2007-2012 Milieu de terrain Congolais (RDC) Granddi Ngoyi
4%
2013-2016 *Défenseur Congolais (RDC) Jordan Ikoko
4%
2007-2013 Attaquant Français Loris Arnaud
4%
2018-2020 Défenseur Malien Moussa Sissako
4%
2014-2018 *Ailier Français Romain Habran
4%
2014-2015 *Milieu de terrain Saint-Martinois Romuald Lacazette
4%
2015-2016 *Milieu de terrain Béninois Sessi d'Almeida
4%
2009-2012 *Défenseur Français Alassane També
3%
2020-2023 *Milieu de terrain Comorien Anfane Ahamada
3%
2016-2019 *Attaquant Français Gaëtan Robail
3%
2014-2015 Ailier Français Jérémi Kimmakon
3%
2019-2021 *Milieu de terrain Français Maxen Kapo
3%
2021-2023 *Défenseur Français Moutanabi Bodiang
3%
2022-2023 *Défenseur Français Nehemiah Fernandez-Veliz
3%
2015-2017 *Milieu de terrain Français Roli Pereira De Sa
3%
2015-2016 Défenseur Haïtien Stéphane Lambese
3%
2015-2016 Milieu de terrain Français Timothée Taufflieb
3%
2018-2022 *Attaquant Français Alexandre Fressange
1%
2021-2022 *Milieu de terrain Français Daouda Weidmann
1%
2021-2022 *Défenseur Français Kaïs Najeh
1%
2018-2019 *Attaquant Congolais (RDC) Samuel Essende
1%
2021-2023 *Attaquant Français Samuel Noireau-Dauriat
1%
2016-2018 *Milieu de terrain Français Yohan Demoncy
1%
Aucun quiz correspondant
Distribution des résultats
% des personnes avec chaque résultat
Percentile par nombre de réponses
Votre historique - résultats
Vous n’avez pas pris ce quiz